[Event "RUS-Cup Final"]
[Site "Sochi"]
[Date "1997.09.24"]
[Round "7"]
[White "Voitsekhovsky, Stanislav"]
[Black "Filippov, Valerij"]
[Result "0-1"]
[WhiteElo "2480"]
[BlackElo "2535"]
[Annotator "Rogozenco,D"]
[PlyCount "40"]
[EventDate "1997.09.17"]
[EventType "tourn"]
[EventRounds "11"]
[EventCountry "RUS"]
[EventCategory "13"]
[SourceTitle "CBM 062"]
[Source "ChessBase"]
[SourceDate "1998.01.31"]
[SourceVersion "1"]
[SourceVersionDate "1998.01.31"]
[SourceQuality "1"]

1. e4 c5 2. Nf3 e6 3. d4 cxd4 4. Nxd4 Nf6 5. Nc3 Nc6 6. Ndb5 d6 7. Bf4 e5 8.
Bg5 a6 9. Na3 b5 10. Bxf6 gxf6 11. Nd5 f5 12. Bd3 Be6 13. Qh5 {This line used
to be popular some years ago. Nowadays it`s not so popular any more first of
all due to the Black`s Rook manoeuvres.} Rg8 14. g3 Rg5 $1 {Together with 14. .
.. Rg4!? this move tries to emphasise the negative sides of the Queen`s
position on h5.} 15. Qxh7 (15. Qd1 {In my opinion this is not weaker than 15.
Qh7. The idea behind 15.Qd1 is to make useless the manoeuvre Rh8-g8-g5.} Bxd5
16. exd5 Ne7 17. c3 Bg7 18. h4 Rg6 19. Nc2 e4 20. Be2 Qc7 21. a4 $13 {
Sideif-Zade - Yurtaev, Dnepropetrovsk 1980.}) 15... Rc8 $5 {Interesting
novelty in this well-known position. It shows one more time that Black has a
lot of hidden possibilities trying to exploit the Queen on h7. 15. ... Rc8
defends the Knight on c6 and prepares in many variations the exchange on e4,
after which White`s Bishop on e4 will be less dangerous.} (15... Bxd5 16. exd5
Ne7 17. O-O-O (17. h4 Rg6 18. Qh5 Qa5+ 19. c3 b4 20. Nc4 Qxd5 21. O-O-O bxc3
22. b3 e4 23. Bxe4 Qxe4 24. Rhe1 Bh6+ 25. f4 Qg2 26. Qxf5 Qxg3 27. Re4 Kf8 28.
Qd7 Bxf4+ {0-1 Savko-Rogozenko, EUchJM U20 1993}) 17... e4 18. Be2 Qb6 19. Rhf1
(19. Qh4 Rg6 20. g4 f4 21. g5 f3 22. Bf1 e3 23. Rd3 e2 24. Bh3 Qa5 25. b4 $16 {
Timoshenko,Geo-Rogozenko, Bucharest ENE 1993}) 19... Rc8 20. Qh8 Rg7 21. Qh3
Rg6 22. Kb1 Bg7 23. c3 Qc5 24. Nc2 Nxd5 25. Rxd5 Qxd5 26. Ne3 Qc5 27. Qxf5 Qxf5
28. Nxf5 Rc5 29. g4 Be5 30. h4 {Timmerman,G-Hendriks,R/Dieren op 1997/EXT 97/1/
2-1/2 (47)}) 16. c3 (16. Ne3 fxe4 17. Bxe4 Qa5+ $13) (16. Rd1 $2 Rg6 $17) 16...
Rg6 17. Qh5 fxe4 18. Bxe4 Bg4 19. Qh8 $2 (19. Qh4 Qxh4 20. gxh4 Rh6 $5 21. Nb6
Rc7 22. Nd5 $11) 19... Rh6 20. Qg8 Be6 0-1

[Event "HUN-ch 55th"]
[Site "Kazincbarcika"]
[Date "2005.05.12"]
[Round "3"]
[White "Horvath, Adam"]
[Black "Cao, Sang"]
[Result "1-0"]
[WhiteElo "2555"]
[BlackElo "2488"]
[Annotator "Rogozenco,D"]
[PlyCount "81"]
[EventDate "2005.05.10"]
[EventType "tourn"]
[EventRounds "9"]
[EventCountry "HUN"]
[EventCategory "12"]
[SourceTitle "CBM 107"]
[Source "ChessBase"]
[SourceDate "2005.08.01"]
[SourceVersion "1"]
[SourceVersionDate "2005.08.01"]
[SourceQuality "1"]

1. e4 c5 2. Nf3 Nc6 3. d4 cxd4 4. Nxd4 Nf6 5. Nc3 e5 6. Ndb5 d6 7. Bg5 a6 8.
Na3 b5 9. Nd5 Be7 10. Bxf6 Bxf6 11. c3 Bg5 12. Nc2 O-O 13. a4 bxa4 14. Rxa4 a5
15. Bc4 Rb8 16. Ra2 Kh8 17. Nce3 {A fashionable variation nowadays.} f5 $6 {
This is a bad positional mistake. In such structures more important for Black
is to trade his dark-squared bishop for the knight and keep the light-squared
on the board. In the game Black does the opposite.} (17... g6 18. h4 $1 Bxh4
19. g3 Bg5 20. f4 exf4 21. gxf4 $13) (17... Bxe3 18. Nxe3 Ne7 19. O-O f5 {
is a playable alternative}) 18. Nxf5 $1 (18. exf5 Bxe3 (18... Ne7 $5 19. Nxe7
$140 Bxe3 20. fxe3 Qxe7 21. O-O Bxf5 22. b3 Be4 $11) 19. Nxe3 Bxf5 20. Nxf5
Rxf5 21. O-O Ne7 22. Bd3 Rf6 23. Qe2 Qb6 $11 {0-1 Lindeman,S (2255)-Couso,L/
Stockholm 1993 (40)}) 18... Bxf5 19. exf5 Rxf5 20. Qg4 $1 {The idea of this
move is to prevent the trade of knights on e7, which would increase Black's
chances to escape with a draw.} (20. O-O e4 21. Qg4 Re5 22. b3 Ne7 $1 23. Qd1
Nxd5 24. Bxd5 Qb6 25. Re2 Rbe8 26. g3 Qc5 $11 {1/2-1/2 Morris,P (2370)-De
Lagontrie,J/Le Touquet 1992 (43)}) 20... Qf8 $2 {This loses material.} (20...
Rf8 21. O-O $14 {/+/- White has a small, but stable advantage thanks to the
superior pawn structure and better control over light squares (especially
square d5).}) 21. Bd3 $1 e4 {Black is unable to exploit his development
advantage because of White's firm control over light squares.} 22. Bxe4 Rxf2 (
22... Re5 23. O-O $16) 23. Qxg5 Re8 24. Qe3 Ne5 25. h3 $18 (25. Qxf2 $4 Nd3+
$19) 25... Qf7 (25... Nc4 26. Qxf2 Rxe4+ 27. Kf1 $18) 26. Rxa5 Rf8 (26... Rxb2
27. Rf1 Qh5 28. g4 Qh4+ 29. Kd1 Nc4 30. Qf4 $18) 27. Ra7 Rf1+ 28. Ke2 Rf2+ (
28... Qh5+ 29. g4 Nxg4 30. hxg4 Qxg4+ 31. Kd3 Qd1+ 32. Kc4 Rc8+ 33. Rc7 Qa4+
34. b4 Qa2+ 35. Kd4 $18) 29. Ke1 Rf1+ 30. Ke2 Rf2+ 31. Kd1 Qh5+ 32. g4 Qh4 33.
b3 g6 34. Kc1 Rb8 35. g5 Rxb3 36. Nf6 Rxf6 37. gxf6 Qxf6 38. Ra8+ Kg7 39. Rg8+
({Or} 39. Bd5 Nd3+ 40. Kd1 Nf2+ 41. Kd2 Rb2+ 42. Kc1 {and mate on g8}) 39...
Kxg8 40. Bd5+ Kg7 41. Bxb3 1-0

[Event "Linares 22nd"]
[Site "Linares"]
[Date "2005.02.26"]
[Round "4"]
[White "Topalov, Veselin"]
[Black "Leko, Peter"]
[Result "1/2-1/2"]
[WhiteElo "2757"]
[BlackElo "2749"]
[Annotator "Rogozenco,D"]
[PlyCount "113"]
[EventDate "2005.02.23"]
[EventType "tourn"]
[EventRounds "14"]
[EventCountry "ESP"]
[EventCategory "20"]
[SourceTitle "CBM 106"]
[Source "ChessBase"]
[SourceDate "2005.06.06"]
[SourceVersion "1"]
[SourceVersionDate "2005.06.06"]
[SourceQuality "1"]

1. e4 c5 2. Nf3 Nc6 3. d4 cxd4 4. Nxd4 Nf6 5. Nc3 e5 6. Ndb5 d6 7. Bg5 a6 8.
Na3 b5 9. Nd5 Be7 10. Bxf6 Bxf6 11. c3 O-O 12. Nc2 Bg5 13. a4 bxa4 14. Rxa4 a5
15. Bc4 Rb8 16. b3 (16. Ra2 Kh8 17. Nce3 g6 18. h4 {is another version of the
same idea. Thanks to Ponomariov this set-up is considered nowadays one of the
most perspective variations against Sveshnikov Sicilian.}) 16... Kh8 17. Nce3
g6 (17... Bxe3 18. Nxe3 Ne7 19. O-O $14) 18. h4 {There are some subtle
differences with 16.Ra2 (see above), but most likely there will be a
transposition.} Bxh4 (18... Bxe3 19. Nxe3 h5 20. g4) 19. g3 Bg5 (19... Bf6 20.
Ra2 {transposes to the game Ponomariov-Kramnik, Wijk aan Zee 2005}) 20. f4 {
Technically speaking this is a novelty, but there have been games with this
move when the rook is on a2 and pawn on b2. The real new idea comes later.} (
20. Ra2 Bxe3 21. Nxe3 f5 {Amonatov-Van Wely, Moscow 2005}) 20... exf4 21. gxf4
Bh4+ 22. Kd2 $5 {An interesting new idea to run with the king to the queenside.
Most amazing is that it doesn't change the evaluation of the whole line - in
spite of the fact that the position is extremely sharp with a lot of
possibilities for both sides, the chances are about equal!} (22. Kf1 f5 23. Ra2
fxe4 24. Rah2 g5 25. Ng2 Rb7 26. Nxh4 gxh4 27. Rxh4 Rg7 {was no problem for
Black in Stangl,M-Kindermann,S/Altensteig 1987}) 22... Ne7 {The correct
decision. This is the only way the knight from c6 can help Black to reduce
from White's attacking potential.} (22... Bf6 $6 23. Kc1 (23. Rh2 $5 {[%cal
Gd1h1]}) 23... Bg7 24. Ra2 h6 25. Rah2 $40) (22... f5 {is no longer attractive,
since after} 23. exf5 Bxf5 24. Nxf5 Rxf5 25. Kc1 {White's king is safer on c1
than on f1. Black will find himself under attack after Ra2-h2.}) 23. Kc1 Nxd5
24. Nxd5 Be6 {Time to swap the second knight.} (24... f5 $2 25. Rxh4 Qxh4 26.
Qd4+ $18) (24... Bf6 $2 25. Ra2 Bg7 26. Rah2 h6 27. Qg1 Kg8 (27... Be6 28.
Rxh6+ Bxh6 29. Qh2 $18) 28. Rxh6 Bxh6 29. Qh2 $18) 25. Qd4+ (25. Ra2 Bxd5 (
25... Rg8 26. Rah2 g5 27. Qd4+ Rg7 28. Nf6 $36 {[%cal Gf6h5]}) 26. Qxd5 Qf6 27.
Qd2 Bg3 28. Rf1 d5 $1 29. exd5 (29. Bxd5 g5) 29... Rfe8 $13) 25... Kg8 26. Ra2
Bxd5 27. Qxd5 ({After} 27. Bxd5 Bf6 (27... Qf6 $5) 28. Qd3 Qc7 29. Rh3 (29. Bc4
$2 d5 $132) (29. c4 Qb6 $132) 29... Rfc8 {White has no time to transfer his
rook from a2 to the h-file.}) 27... Qf6 (27... Bg3 28. Qd2 Qf6 (28... h5 29. f5
$1 Kg7 30. Qe3 h4 31. Rg2 $40 g5 $4 32. Rxg3 hxg3 33. Qd4+ f6 34. Qa7+ $18) 29.
Rf1 {transposes to the game}) 28. Qd2 Bg3 29. Rf1 h5 {In a position with
opposite coloured bishops and mutual attack the time factor and piece activity
are the most important things. Black could fight for the initiative with a
pawn sacrifice.} (29... d5 $1 {This is designed to either deflect White's
bishop from protecting the rook f1, or close for a while the diagonal a2-g8.}
30. exd5 (30. Bxd5 g5 $1 {[%csl Rf1][%cal Gf6f1]}) 30... Rfe8 {[%cal Ge8e4]} (
30... h5 $5 31. Rxa5 Ra8 32. Rxa8 Rxa8 $44) 31. Rf3 (31. d6 Rbd8 $1) (31. Rxa5
$6 Re1+ $1 32. Rxe1 Bxf4 33. Re3 Qb6 34. Re8+ Rxe8 35. Qxf4 Qxa5 $17) 31... Qh4
32. d6 Re4 33. Ra4 $1 Kg7 $13) (29... Rfe8 30. e5 $5 dxe5 $140 31. fxe5 {
[%csl Rf7]}) 30. Rxa5 Ra8 31. e5 $1 {White overtakes the initiative.} Qf5 $1 (
31... dxe5 32. Rxa8 Rxa8 33. fxe5 Qe7 34. Rxf7 Ra1+ 35. Kc2 $1 (35. Kb2 $4 Qa3+
) 35... Ra2+ 36. Kb1 $1 Rxd2 37. Rxe7+ Kf8 38. Rf7+ Ke8 39. e6 Bh4 40. b4 $16)
32. Rxa8 Rxa8 33. Kb2 h4 34. Qxd6 (34. exd6 Rd8 $5 $44) 34... Re8 $2 ({After} 
34... Bxf4 $1 35. Qe7 ({Black holds after} 35. Qd4 g5 36. e6 fxe6 37. Re1 Re8
38. Qd7 Kf8 39. Bxe6 $140 $6 Qf6) 35... h3 36. e6 Kg7 37. exf7 Rf8 {the
position would have been completely unclear}) 35. Bb5 Rf8 36. Bd3 $1 Qe6 37.
Qd4 $16 {With few precise moves the Bulgarian GM succeeded to achieve a big
advantage.} Qe7 38. Bc4 Kh7 39. b4 h3 $2 {This loses, but what to do?} 40. Qd3
{[%csl Rg3,Rh3]} Qh4 41. f5 $1 Bf4 42. e6 $1 fxe6 43. Qd7+ Kh6 44. fxe6 $2 (44.
fxg6 Kxg6 45. Bd3+ Kf6 46. Qd6 $18) 44... Bc1+ {This unexpected check confused
Topalov completely. He goes for a variation and misses something (see the
comments to 47.Ra1). That's a pity, because White played a really great game.}
45. Rxc1 $2 (45. Kxc1 Qxc4 (45... Rxf1+ 46. Bxf1 h2 (46... Qe1+ 47. Kc2 Qxf1
48. e7 $18) 47. Bg2 $18) 46. Rxf8 Qxc3+ 47. Kd1 h2 48. Qd2+ $18 Qxd2+ 49. Kxd2
h1=Q 50. Rh8+) (45. Kb3 {should win as well:} Rxf1 46. Bxf1 Bg5 (46... h2 47.
e7 h1=Q 48. e8=Q {and White's king is safer}) 47. e7 Bxe7 48. Qxh3 $18) 45...
Qxc4 46. e7 Ra8 $1 47. Qxh3+ ({Topalov's intention was} 47. Ra1 {but then} Qe2+
{and it is Black who wins!} (47... Rxa1 $2 48. Qxh3+ $18)) 47... Kg7 48. e8=N+
(48. Rc2 Ra2+ 49. Kc1 Ra1+ 50. Kd2 Qf4+ $11) 48... Kg8 $1 (48... Rxe8 49. Qd7+
Kf8 50. Rd1 $16) 49. Nf6+ Kf7 50. Qd7+ Kxf6 51. Qd4+ (51. Rf1+ Qxf1 52. Qc6+ {
followed by 53.Qxa8 would have offered some winning chances}) 51... Qxd4 52.
cxd4 g5 $11 53. Rc6+ Kf5 54. b5 g4 55. Kb3 g3 56. Rc1 Ke4 57. Rg1 1/2-1/2

[Event "Linares 22nd"]
[Site "Linares"]
[Date "2005.02.28"]
[Round "6"]
[White "Anand, Viswanathan"]
[Black "Kasparov, Garry"]
[Result "1/2-1/2"]
[WhiteElo "2786"]
[BlackElo "2804"]
[Annotator "Rogozenco,D"]
[PlyCount "88"]
[EventDate "2005.02.23"]
[EventType "tourn"]
[EventRounds "14"]
[EventCountry "ESP"]
[EventCategory "20"]
[SourceTitle "CBM 106"]
[Source "ChessBase"]
[SourceDate "2005.06.06"]
[SourceVersion "1"]
[SourceVersionDate "2005.06.06"]
[SourceQuality "1"]

1. e4 c5 2. Nf3 Nc6 3. d4 cxd4 4. Nxd4 Nf6 5. Nc3 e5 6. Ndb5 d6 7. Bg5 a6 8.
Na3 b5 9. Nd5 Be7 10. Bxf6 Bxf6 11. c3 O-O 12. Nc2 Bg5 13. a4 bxa4 14. Rxa4 a5
15. Bc4 Rb8 16. Ra2 Kh8 17. Nce3 g6 18. O-O (18. h4) 18... f5 19. Qa4 $5 {
The idea of Sankt Petersburg GM M.Novik. White uses the fact that he hasn't
played b2-b3 yet.} Bd7 20. Bb5 Rxb5 $6 (20... Qc8 21. Nc4 $5 (21. exf5 gxf5 22.
f4 exf4 23. Bxc6 Bxc6 24. Qd4+ Kg8 25. Nxf4 $14)) (20... Nb4 $1 {Indicated
first by Cifuentes} 21. Bxd7 Nxa2 {The concrete variations show that Black is
doing okay here. Probably it's about equal:} 22. Bb5 (22. exf5 Rxb2 23. Nc4
Nxc3 24. Nxc3 Rb4 25. Qc6 Rxc4 26. Qxc4 Qxd7 27. fxg6 hxg6) 22... Bxe3 (22...
fxe4 23. Bc4 (23. Ra1 $2 Bxe3 24. fxe3 Qh4 25. g3 Qh5 $17) 23... Bxe3 (23...
Rxb2 24. Nd1 Rd2 25. Bxa2 $14 {[%csl Rg5]}) 24. Nxe3 Rxb2 {is the same as 22...
Bxe3}) (22... f4 23. Nc4 f3 24. g3 Nc1 25. Nxa5 Ne2+ 26. Bxe2 (26. Kh1 Rf7 $1 {
[%cal Gd8c8,Gc8h3] Cifuentes}) 26... fxe2 27. Re1 Rxb2 28. Nc4 Rb8 29. Qa6 Be7
30. Rxe2 Qc8 31. Qxc8 Rfxc8 32. Nb2 $1 $44 {[%cal Gb2d3,Gd3b4]}) 23. Nxe3 (23.
fxe3 Qh4 $36) 23... fxe4 $1 (23... f4 24. Nd5 f3 25. g3 Qg5 26. Ne3 $16 {
[%csl Ra2]}) 24. Bc4 Rxb2 25. Bxa2 Qf6 26. Nd1 (26. f3 $2 Qf4 27. Nd1 Rxg2+ 28.
Kxg2 exf3+ $19) (26. Bd5 Rxf2 $19) 26... Rd2 {followed by ...d5, with
initiative for Black} 27. h3 (27. Qxa5 $2 Rxd1 $19) 27... d5 28. Qxa5 Qd8 $5
$11 (28... e3 29. Nxe3 Rxf2 30. Re1 $1 (30. Rd1 $2 Qf4 $19) 30... d4 31. cxd4
exd4 32. Ng4 Rxg2+ 33. Kxg2 Qf3+ 34. Kh2 Qf4+ $11)) 21. Qxb5 Nb4 22. Qxa5 Nxa2
23. Qxa2 fxe4 (23... f4 24. Nc2 f3 25. g3 Bc6 26. Rd1 Qd7 27. Ne1 h5 28. Qa3
Bh6 29. c4 $16 {1-0 Novik,M-Filippov,V/Sankt_Peterburg 1994 (48)}) 24. b4 {
It is amazing that all this was known since 1994, when G.Nesis and M.Novik
evaluated the position with advantage for White. They were right: the first
player has plans to advance the b-pawn or/and attack pawn e4, while for Black
it is difficult to create counterplay.} Be6 25. c4 Qc8 26. Qb3 (26. Qc2 {
looks very attractive, but it remains unclear if White can win the following
endgame:} Bxe3 {Forced} 27. Nxe3 d5 (27... Bf5 28. Rd1 $16) 28. cxd5 Qxc2 29.
Nxc2 Bxd5 30. Ne3 Be6 $1 {[%csl Re3]} (30... Bc6 31. Rc1 $16) 31. Rb1 (31. b5
Rb8 32. Rb1 Rb6 33. Nd1 Bc4 34. Nc3 Bd3 35. Rb2 Kg7 $11) (31. Rc1 Rb8) 31...
Rb8 32. Kf1 Kg7) (26. Rd1 $142 {[%csl Gd5][%cal Ga2c2,Gd1d5]} Rf7 (26... Kg7
27. Qc2 Qa8 28. Nc7 $16) 27. Qc2 Qa8 28. b5 $16 (28. Qxe4 Bxe3 29. Qxe3 Bxd5
30. cxd5 Qa4 $132)) (26. Qb1 $2 Bxd5 {[%csl Gc4]}) (26. b5 Qc5) 26... Kg7 27.
Rb1 (27. Rd1 $142) (27. b5 $5 Qc5 28. b6) 27... Rf7 28. Rd1 {Anand obviously
cannot make up his mind: either to advance the b-pawn, or prepare Qc2.} (28. b5
Qc5 $14) 28... h5 29. Qc2 Qa8 30. h3 $6 (30. Qxe4 $6 Bxe3 31. Qxe3 Bxd5 32.
cxd5 Qa4 33. Rb1 Qa2 $132) (30. b5 Bh4 31. g3 $16) 30... Bh4 $1 {Using the
weaknesses created by White's previous move.} 31. Rf1 (31. Rd2 Bxd5 32. Nxd5
Qa1+ 33. Kh2 Qe1 $132) (31. g3 $5 Bg5 {[%csl Rh3]} 32. h4) 31... Qf8 32. b5 Bc8
33. Nc3 Bb7 34. Ned5 Qc8 35. Qe2 {Threatening 31.Nxe4} (35. Qxe4 Rf4 $1 36. Qe2
Rd4 37. Ra1 Qc5 $44) 35... Bxd5 36. Nxd5 Qc5 37. b6 $2 (37. Nc3 {would have
kept good winning chances. For instance:} Rc7 38. b6 (38. Nxe4 Qxc4 39. Qxc4
Rxc4 40. Nxd6 Rc2 $132) (38. Rb1 $5) 38... Rf7 39. b7 $5 Rxb7 40. Qxe4 Rb3 41.
Qxh4 Rxc3 42. Qe7+ Kh6 43. Qf8+ Kh7 44. Ra1 Ra3 (44... Qc7 45. Qa8 $18) 45. Rb1
Qc7 46. Rb8 Qg7 47. Qxd6) 37... Qd4 38. Qc2 (38. Kh2 Rxf2 39. Rxf2 Bxf2 40. b7
Bg1+ 41. Kg3 (41. Kh1 $2 Qa1) 41... Bf2+ 42. Qxf2 h4+ 43. Kh2 Qxf2 44. b8=Q
Qg3+ 45. Kg1 Qe1+ $11) 38... Kh7 (38... Bg3 {is also good enough}) 39. Kh2 Rxf2
40. Rxf2 Bxf2 41. Qc1 (41. b7 Bg1+ 42. Kg3 Bf2+ $11) 41... e3 42. b7 Qa7 43.
Qb1 e2 44. Ne7 Bg3+ 1/2-1/2